Central Library OPAC University of Rajshahi

Old people in three industrial societies / (Record no. 34720)

MARC details
000 -LEADER
fixed length control field 00845nam a22002771 4500
001 - CONTROL NUMBER
control field 34720
003 - CONTROL NUMBER IDENTIFIER
rucl marc code BD-RjUL
005 - DATE AND TIME OF LATEST TRANSACTION
control field 20211209052212.0
008 - FIXED-LENGTH DATA ELEMENTS--GENERAL INFORMATION
fixed length control field 140518s1968 nyua b 001 0 eng d
035 ## - SYSTEM CONTROL NUMBER
System control number (BD-RjUL)34814
040 ## - CATALOGING SOURCE
Original cataloging agency DLC
Transcribing agency DLC
Modifying agency DLC
-- BD-RjUL
Language of cataloging eng
041 ## - LANGUAGE CODE
Language code of text/sound track or separate title eng
082 00 - DEWEY DECIMAL CLASSIFICATION NUMBER
Classification number 301.435
Author mark and year OLD 1968
245 00 - TITLE STATEMENT
Title Old people in three industrial societies /
Statement of responsibility, etc. by Ethel Shanas ... [et. al.].
250 ## - EDITION STATEMENT
Edition statement 1st ed.
260 ## - PUBLICATION, DISTRIBUTION, ETC. (IMPRINT)
Place of publication, distribution, etc. New York :
Name of publisher, distributor, etc. Atherton Press,
Date of publication, distribution, etc. 1968.
300 ## - PHYSICAL DESCRIPTION
Pagination x, 478 p. :
Illustrations ill. ;
Size 25 cm.
504 ## - BIBLIOGRAPHY, ETC. NOTE
Bibliography, etc Includes bibliographical references and index.
650 #0 - SUBJECT ADDED ENTRY--TOPICAL TERM
Topical term or geographic name as entry element Older people
Geographic subdivision United States.
9 (RLIN) 105633
Topical term or geographic name as entry element Older people
Geographic subdivision Great Britain.
9 (RLIN) 17645
Topical term or geographic name as entry element Older people
Geographic subdivision Denmark.
9 (RLIN) 105634
700 1# - ADDED ENTRY--PERSONAL NAME
Personal name Shanas, Ethel.
942 ## - ADDED ENTRY ELEMENTS (KOHA)
Source of classification or shelving scheme Dewey Decimal Classification
Koha item type Books
Holdings
Lost status Source of classification or shelving scheme Damaged status Not for loan Collection code Permanent Location Current Location Shelving location Date acquired Source of acquisition Cost, normal purchase price Total Checkouts Full call number Date last seen Copy number Koha item type
  Dewey Decimal Classification   Not For Loan Non-fiction Central Library, University of Rajshahi Central Library, University of Rajshahi Reading Room 07/08/1971 Zeitlinger 145.00   305.260973 OLD 1968 18/05/2014 C-1 Books